000 00646nam a22002297a 4500
999 _c333494
_d333494
001 47396
003 UA-OsUOA
005 20191227111841.0
007 ta
008 20070719b un ||||| |||| 00| 0 ukr d
040 _aUA-OsUOA
_bukr
_cUA-OsUOA
_dUA-OsUOA
041 _aukr
080 _a81,373,232,1
090 _a81,373,232,1
_bЮ11
100 _aРедько Ю.К.
245 _aДовідник українських прізвищ
260 _aК.
_c1969
300 _a72 с.
650 7 _a8 Мовознавство. Художня література. Літературознавство
_2UDC
942 _cBK
_2udc
955 _a2